00642nam a2200229Ia 4500003000400000005001700004006001800021007000300039008004100042020001400083037001700097040001800114041001300132082001900145100003000164245005900194260004500253300004200298650002600340942002700366999001900393OSt20220925193156.0a|||||r|||| 00| 0ta220923b |||||||| |||| 00| 0 eng d a030850029 cGeneral Book aRTLcRTLbeng 2engaeng aX9:8.73.N7, L2 aBuskirk Richard H9247585 0aConcepts of businessb An introduction to the busin  aCaliforniabRichard Press c1972 axiii, 497p. Appendixes p. 435-84ccm. aIndustrial Management hX9:8.73.N7, L2cGB2CC c524838d524838